| 000 | 00488cam a2200193ua 4500 | ||
|---|---|---|---|
| 020 |
_a81 7029 617 x _c99.00 |
||
| 041 |
_aeng _h |
||
| 082 |
_a005.43 _bREI/TE |
||
| 100 | _aRiechard, Kevin . | ||
| 245 |
_aTeach yourself UNIX / _cKevin Riechard. _hTextual Documents |
||
| 250 |
_a3 / _b. |
||
| 260 |
_aNew Delhi : _bB P B Publishers , _c1995. |
||
| 300 | _a380 ; . | ||
| 365 | _a99.00 | ||
| 504 | _a | ||
| 700 | 1 | _aJohnson, Eric F . | |
| 942 | _cBK | ||
| 999 |
_c9467 _d9467 |
||